Sports Quiz

Random Sports Quiz
Score 0/30 Timer 10:00
0 Plays Today
Club (Nationality) Player % Correct
Chelsea (France)Olivier Giroud
98.3%
Juventus (Portugal)Cristiano Ronaldo
97.4%
Real Madrid (Portugal)Cristiano Ronaldo
97.4%
Real Madrid (Portugal)Cristiano Ronaldo
97.4%
Barcelona (Argentina)Lionel Messi
96.8%
Manchester United (England)Marcus Rashford
96.1%
Manchester City (Brazil)Gabriel Jesus
95.7%
Manchester City (Brazil)Gabriel Jesus
95.7%
Paris Saint-Germain (France)Kylian Mbappe
95%
Liverpool (Senegal)Sadio Mane
95%
Bayern Munich (Poland)Robert Lewandowski
94.8%
Paris Saint-Germain (Brazil)Neymar
94.7%
Tottenham Hotspur (England)Harry Kane
93.9%
Liverpool (Portugal)Diogo Jota
93.4%
Manchester City (England)Raheem Sterling
92.7%
Club (Nationality) Player % Correct
Tottenham Hotspur (Brazil)Lucas Moura
91%
Roma (Bosnia)Edin Dzeko
88.8%
Juventus (Argentina)Paulo Dybala
88.1%
Red Bull Salzburg (Norway)Erling Haaland
87.9%
Borussia Dortmund (Gabon)Pierre-Emile Aubameyang
87.6%
Bayern Munich (Germany)Serge Gnabry
82.4%
Liverpool (Brazil)Philippe Coutinho
71.8%
Napoli (Poland)Arkadiusz Milik
71.2%
Real Madrid (Brazil)Rodrygo
66.7%
Atalanta (Slovenia)Josip Ilicic
60%
Sevilla (France)Wissam Ben Yedder
56.9%
Borussia Monchengladbach (France)Alassane Plea
54.7%
Istanbul Basaksehir (Turkey)Irfan Kahveci
22.4%
Paris Saint-Germain (France)Layvin Kurzawa
16.1%
Dinamo Zagreb (Croatia)Mislav Orsic
13.8%
Remove Ads.
Support Sporcle.
Get the best of Sporcle when you Go Orange. This ad-free experience offers more features, more stats, and more fun while also helping to support Sporcle. Thank you for becoming a member.

You're not logged in!

Compare scores with friends on all Sporcle quizzes.
OR
Log In

Show Comments

Extras

Top Quizzes Today


Score Distribution

Your Account Isn't Verified!

In order to create a playlist on Sporcle, you need to verify the email address you used during registration. Go to your Sporcle Settings to finish the process.

Report this User

Report this user for behavior that violates our Community Guidelines.

Details: